| 000 | 02374nam a2200253Ia 4500 | ||
|---|---|---|---|
| 999 |
_c35470 _d35470 |
||
| 001 | 1329 | ||
| 003 | GE_BSU | ||
| 005 | 20190530211306.0 | ||
| 008 | 181216s2011||||ge |||||||||||||| ||geo|| | ||
| 040 | _cGE_BSU | ||
| 041 | _ageo | ||
| 080 | _a81(063(479.223+008(063)(079.223) ლ–63 | ||
| 245 |
_aლინგვოკულტუროლოგიური ძიებანი : _b2010 : პირველი საერთაშორისო კონფერენცია ლინგვოკულტუროლოგიასა და ანთროპოლოგიაში / _cსაქართველოს განათლებისა და მეცნიერების სამინისტრო ; შოთა რუსთაველის სახელმწიფო უნივერსიტეტი, ქართველი ხალხის სოციოკულტურული ანთროპოლოგიისა და ეთნოლინგვისტური კვლევების საერთაშორისო ცენტრი ; რედ.: იზა ჩანტლაძე, ეთერ სოსელია, ნუგზარ მგელაძე. |
||
| 264 |
_aბათუმი : _bშოთა რუსთაველის სახ.უნ–ტი: _c2011. |
||
| 300 |
_a308 გვ.; _b28 სმ. |
||
| 653 | _aლინგვოკულტუროლოგია | ||
| 653 | _aანთროპოლოგია | ||
| 700 |
_aჩანტლაძე, იზა _eრედაქტორი _914 |
||
| 700 |
_aსოსელია, ეთერ _eრედაქტორი _91896 |
||
| 700 |
_aმგელაძე, ნუგზარ _eრედაქტორი _91897 |
||
| 710 |
_aსაქართველოს განათლებისა და მეცნიერების სამინისტრო _91898 |
||
| 710 |
_aშოთა რუსთაველის სახელმწიფო უნივერსიტეტი _bქართველი ხალხის სოციოკულტურული ანთროპოლოგიისა და ეთნოლინგვისტური კვლევების საერთაშორისო ცენტრი _91899 |
||
| 942 |
_cBK _2udc |
||